Państwa, w których woda z kranu jest oficjalnie zdatna do picia - Statystyki

Ogólne statystyki
  • Ten quiz został rozwiązany 568 razy
  • Średni wynik to 28 z 37
Statystyki odpowiedzi
Ameryka Północna % Poprawnych
Polska
99%
Niemcy
93%
Francja
89%
Stany Zjednoczone
88%
Hiszpania
87%
Norwegia
87%
Czechy
86%
Australia
85%
Kanada
85%
Szwecja
85%
Włochy
85%
Wielka Brytania
84%
Belgia
83%
Japonia
83%
Austria
82%
Finlandia
82%
Portugalia
82%
Holandia
81%
Grecja
80%
Nowa Zelandia
79%
Luksemburg
78%
Szwajcaria
77%
Dania (Grenlandia)
76%
Irlandia
76%
Dania
75%
Korea Południowa
75%
Liechtenstein
74%
Andora
72%
Islandia
72%
Watykan
72%
San Marino
70%
Monako
69%
Słowenia
69%
Malta
60%
Singapur
50%
Izrael
41%
Brunei
21%
Nie znaleziono quizów pasujących do podanych kryteriów
Rozkład punktacji
Procent ludzi z każdym wynikiem
Percentyl według liczby udzielonych odpowiedzi
Twoja historia wyników
Nie rozwiązałeś tego quizu